Festival (Il)-Disco (Record n. 99954)
[ formato base ]
| 000 -LEADER | |
|---|---|
| fixed length control field | 03101njm a2200565Ia 4500 |
| 001 - CONTROL NUMBER | |
| control field | 20817 |
| 003 - CONTROL NUMBER IDENTIFIER | |
| control field | IT-RoPAU |
| 005 - DATE AND TIME OF LATEST TRANSACTION | |
| control field | 20220918181123.0 |
| 008 - FIXED-LENGTH DATA ELEMENTS--GENERAL INFORMATION | |
| fixed length control field | 131025s9999 xx 000 0 und d |
| 040 ## - CATALOGING SOURCE | |
| Original cataloging agency | IT-RoPAU |
| 040 ## - CATALOGING SOURCE | |
| Transcribing agency | IT-RoPAU |
| 041 ## - LANGUAGE CODE | |
| Language code of text/sound track or separate title | ITALIANO |
| 999 ## - SYSTEM CONTROL NUMBERS (KOHA) | |
| Koha Dewey Subclass [OBSOLETE] | n.d. |
| 100 ## - MAIN ENTRY--PERSONAL NAME | |
| Personal name | AA.VV. |
| 9 (RLIN) | 794 |
| 100 ## - MAIN ENTRY--PERSONAL NAME | |
| Relator term | Autore musica |
| 9 (RLIN) | 3840 |
| 100 ## - MAIN ENTRY--PERSONAL NAME | |
| Miscellaneous information | Codice autore musica SPICS: 12000 |
| 9 (RLIN) | 796 |
| 245 ## - TITLE STATEMENT | |
| Title | Festival (Il)-Disco |
| 250 ## - EDITION STATEMENT | |
| Edition statement | 2a ed. |
| 260 ## - PUBLICATION, DISTRIBUTION, ETC. (IMPRINT) | |
| Place of publication, distribution, etc. | MILANO |
| 260 ## - PUBLICATION, DISTRIBUTION, ETC. (IMPRINT) | |
| Name of publisher, distributor, etc. | FRATELLI FABBRI EDITORI |
| Date of publication, distribution, etc. | 1982 [1a Ed.:1970] |
| 300 ## - PHYSICAL DESCRIPTION | |
| Extent | DISCO |
| 300 ## - PHYSICAL DESCRIPTION | |
| Dimensions | 28 minuti (Testo: pag.) |
| 500 ## - GENERAL NOTE | |
| General note | La canzone italiana. La canzone napoletana. Lontananza, nostalgia, Napoli, rifiuto, baciare, avvelenare, amore, mare, sospiri, passione. |
| 505 ## - FORMATTED CONTENTS NOTE | |
| Formatted contents note | Desiderio 'e sole [(Manlio/Gigante-Pane) (4:00)] - Lazzarella [(Pazzaglia/Modugno-Fierro) (4:00)] - Tuppe tuppe, mariscià [(De mura/Aracri/Gigante-Paris) (3:00)] - Vurria [(Pugliese/Rendine-Gallo) (5:00)] - Sarrà chi sa! (3:00) - Cerasella [(Pirro-Bonagura/Sciorilli-Christian) (4:00)] - Mare verde [(Marotta/Mazzocco-Milva) (4:00)] - Tu sì 'na cosa grande [(Gigli/Modugno) (4:00)] |
| 511 ## - PARTICIPANT OR PERFORMER NOTE | |
| Participant or performer note | Pane Tullio |
| 511 ## - PARTICIPANT OR PERFORMER NOTE | |
| Participant or performer note | Fierro Aurelio |
| 511 ## - PARTICIPANT OR PERFORMER NOTE | |
| Participant or performer note | Paris Maria |
| 511 ## - PARTICIPANT OR PERFORMER NOTE | |
| Participant or performer note | Gallo Nunzio |
| 511 ## - PARTICIPANT OR PERFORMER NOTE | |
| Participant or performer note | Villa Claudio |
| 511 ## - PARTICIPANT OR PERFORMER NOTE | |
| Participant or performer note | Christian Gloria |
| 511 ## - PARTICIPANT OR PERFORMER NOTE | |
| Participant or performer note | Milva (Biolcati Maria Ilva) |
| 511 ## - PARTICIPANT OR PERFORMER NOTE | |
| Participant or performer note | Modugno Domenico |
| 650 ## - SUBJECT ADDED ENTRY--TOPICAL TERM | |
| Topical term or geographic name as entry element | CANZONE ITALIAN [DISCHI] |
| Relator term | Codice MATERIA SPICS: 9950 |
| 9 (RLIN) | 3841 |
| 700 ## - ADDED ENTRY--PERSONAL NAME | |
| Personal name | Gigante Marcello |
| Dates associated with a name | Codice autore musica SPICS: 16912 |
| Relator term | Autore musica |
| Name of part/section of a work | Desiderio 'e sole - Tuppe tuppe, mariscià |
| 9 (RLIN) | 3842 |
| 700 ## - ADDED ENTRY--PERSONAL NAME | |
| Personal name | Manlio Tito |
| Dates associated with a name | Codice autore testo/musica SPICS: 13497 |
| Relator term | Autore testo/musica |
| Name of part/section of a work | Desiderio 'e sole |
| 9 (RLIN) | 3843 |
| 700 ## - ADDED ENTRY--PERSONAL NAME | |
| Personal name | Modugno Domenico |
| Dates associated with a name | Codice autore musica SPICS: 12142 |
| Relator term | Autore musica |
| Name of part/section of a work | Lazzarella |
| 9 (RLIN) | 3844 |
| 700 ## - ADDED ENTRY--PERSONAL NAME | |
| Personal name | Pazzaglia |
| Dates associated with a name | Codice autore testo/musica SPICS: 22761 |
| Relator term | Autore testo/musica |
| Name of part/section of a work | Lazzarella |
| 9 (RLIN) | 3845 |
| 700 ## - ADDED ENTRY--PERSONAL NAME | |
| Personal name | Aracri |
| Dates associated with a name | Codice autore SPICS: 22762 |
| Relator term | Autore |
| Name of part/section of a work | Tuppe tuppe, mariscià |
| 9 (RLIN) | 3846 |
| 700 ## - ADDED ENTRY--PERSONAL NAME | |
| Personal name | De Mura Ettore |
| Dates associated with a name | Codice autore testo/musica SPICS: 13721 |
| Relator term | Autore testo/musica |
| Name of part/section of a work | Tuppe tuppe, mariscià |
| 9 (RLIN) | 3847 |
| 700 ## - ADDED ENTRY--PERSONAL NAME | |
| Personal name | Rendine Furio |
| Dates associated with a name | Codice autore musica SPICS: 13629 |
| Relator term | Autore musica |
| Name of part/section of a work | Vurria |
| 9 (RLIN) | 3848 |
| 700 ## - ADDED ENTRY--PERSONAL NAME | |
| Personal name | Pugliese |
| Dates associated with a name | Codice autore testo/musica SPICS: 22763 |
| Relator term | Autore testo/music |
| Name of part/section of a work | Vurria |
| 9 (RLIN) | 3849 |
| 700 ## - ADDED ENTRY--PERSONAL NAME | |
| Personal name | Murolo Roberto |
| Dates associated with a name | Codice autore testo/musica SPICS: 13697 |
| Relator term | Autore testo/musica |
| Name of part/section of a work | Sarrà chi sa! |
| 9 (RLIN) | 3850 |
| 700 ## - ADDED ENTRY--PERSONAL NAME | |
| Personal name | Sciorilli Eros |
| Dates associated with a name | Codice autore musica SPICS: 13521 |
| Relator term | Autore musica |
| Name of part/section of a work | Cerasella |
| 9 (RLIN) | 3851 |
| 700 ## - ADDED ENTRY--PERSONAL NAME | |
| Personal name | Bonagura Enzo |
| Dates associated with a name | Codice autore SPICS: 13478 |
| Relator term | Autore |
| Name of part/section of a work | Cerasella |
| 9 (RLIN) | 3852 |
| 700 ## - ADDED ENTRY--PERSONAL NAME | |
| Personal name | Mattone Ugo (Pirro Ugo) |
| Dates associated with a name | Codice autore testo/musica SPICS: 13129 |
| Relator term | Autore testo/musica |
| Name of part/section of a work | Cerasella |
| 9 (RLIN) | 3853 |
| 700 ## - ADDED ENTRY--PERSONAL NAME | |
| Personal name | Mazzocco |
| Dates associated with a name | Codice autore musica SPICS: 14030 |
| Relator term | Autore musica |
| Name of part/section of a work | Mare verde |
| 9 (RLIN) | 3854 |
| 700 ## - ADDED ENTRY--PERSONAL NAME | |
| Personal name | Marotta |
| Dates associated with a name | Codice autore testo/musica SPICS: 22765 |
| Relator term | Autore testo/musica |
| Name of part/section of a work | Mare verde |
| 9 (RLIN) | 3855 |
| 700 ## - ADDED ENTRY--PERSONAL NAME | |
| Personal name | Gigli Beniamino |
| Dates associated with a name | Codice autore testo/musica SPICS: 9661 |
| Relator term | Autore testo/musica |
| Name of part/section of a work | Tu sì 'na cosa grande |
| 9 (RLIN) | 3856 |
| 942 ## - ADDED ENTRY ELEMENTS (KOHA) | |
| Koha item type | DISCHI |
| Source of classification or shelving scheme | Dewey Decimal Classification |
| Withdrawn status | Lost status | Damaged status | Not for loan | Home library | Current library | Date acquired | Total Checkouts | Full call number | Date last seen | Price effective from | Koha item type | Public note |
|---|---|---|---|---|---|---|---|---|---|---|---|---|
| Buone Condizioni | Not For Loan | SPICS-MEDIATECA | SPICS-MEDIATECA | 25/10/2013 | 20817 | 25/10/2013 | 25/10/2013 | DISCHI | Progr. Ins.: 4120 / N.Vol.: 1 / Copie: 1 - Copia rara: n.d. / date import: 01.01.2014 - By Epidotti, Trombetti, Vaglietti |